[Event "World Rapid 2018"]
[Site "St Petersburg RUS"]
[Date "2018.12.26"]
[Round "2.18"]
[White "Khanin, Semen"]
[Black "Sjugirov, Sanan"]
[Result "1-0"]
[WhiteTitle "IM"]
[BlackTitle "GM"]
[WhiteElo "2514"]
[BlackElo "2663"]
[WhiteFideId "4111990"]
[BlackFideId "4189302"]
[EventDate "2018.12.26"]

1. e4 c5 2. Nf3 d6 3. d4 cxd4 4. Nxd4 Nf6 5. Nc3 a6 6. f3 e5 7. Nb3 Be6 8. Be3
Be7 9. Qd2 O-O 10. O-O-O Nbd7 11. g4 b5 12. g5 b4 13. gxf6 bxc3 14. Qxc3 Nxf6
15. Na5 Rc8 16. Nc6 Qe8 17. Nxe7+ Qxe7 18. Qa5 Rc6 19. Rg1 Rfc8 20. Kb1 Nh5 21.
Rg2 Qf6 22. Rf2 g6 23. b3 Nf4 24. Qa3 Nh3 25. Bxh3 Bxh3 26. c4 Re8 27. Qa5 h6
28. Qc3 Qh4 29. Rg1 Kh7 30. f4 f5 31. Ka1 Bg4 32. Qd2 Qf6 33. h3 Bh5 34. exf5
gxf5 35. fxe5 dxe5 36. Qd7+ Re7 37. Qxf5+ Qxf5 38. Rxf5 Bg6 39. Rf2 Rd7 40. Rd2
Rxd2 41. Bxd2 Rd6 42. Be3 Rd3 43. Re1 e4 44. Kb2 Be8 45. Kc2 Bc6 46. h4 Kg6 47.
Rd1 Rxe3 48. Rd6+ Kf5 49. Rxc6 Re2+ 50. Kc3 Rxa2 51. Rxh6 a5 52. Rh8 a4 53. bxa4
Rxa4 54. Kd4 e3 55. Re8 Ra1 56. Rxe3 Rh1 57. Kd5 Rxh4 58. c5 Rh1 59. c6 Rd1+ 60.
Kc5 Rc1+ 61. Kd6 Rd1+ 62. Kc7 Kf6 63. Kc8 Rb1 64. c7 Kf7 65. Re4 1-0

[Event "World Rapid 2018"]
[Site "St Petersburg RUS"]
[Date "2018.12.26"]
[Round "2.20"]
[White "Oparin, Grigoriy"]
[Black "Bindrich, Falko"]
[Result "1-0"]
[WhiteTitle "GM"]
[BlackTitle "GM"]
[WhiteElo "2613"]
[BlackElo "2606"]
[WhiteFideId "24125890"]
[BlackFideId "4676670"]
[EventDate "2018.12.26"]

1. Nf3 d5 2. g3 Bg4 3. Bg2 e6 4. O-O Nf6 5. h3 Bh5 6. c4 c6 7. d4 Nbd7 8. cxd5
exd5 9. Nh4 Bg6 10. Nc3 Be7 11. Nxg6 hxg6 12. Qd3 O-O 13. h4 Re8 14. Bf3 Nb6 15.
Kg2 Qd7 16. Bf4 Nc4 17. Rab1 Rad8 18. Rfd1 Nd6 19. a4 a6 20. a5 Qe6 21. Na4 Nde4
22. b4 Bd6 23. Nc5 Qe7 24. e3 Qc7 25. Qc2 Re7 26. Nd3 Bxf4 27. exf4 Qc8 28. Ne5
Qf5 29. Rbc1 Rde8 30. Re1 Qe6 31. Rh1 Qd6 32. Rb1 Qe6 33. Rbe1 Qd6 34. Qb2 Qc7
35. h5 gxh5 36. Bxh5 g6 37. Bf3 Kg7 38. g4 Qc8 39. Qc1 Rh8 40. f5 Ree8 41. g5
Qxf5 42. gxf6+ Nxf6 43. Qe3 g5 44. Be2 Ne4 45. Bg4 Qf6 46. Qf3 Qxf3+ 47. Nxf3
Rxh1 48. Rxh1 Nd6 49. Nxg5 Kf6 50. Nf3 Rg8 51. Ne5 Nb5 52. Rh7 Nxd4 53. f4 Rg7
54. Rxg7 Kxg7 55. Bc8 c5 56. bxc5 Nb3 57. c6 bxc6 58. Nxc6 Nc5 59. Kf3 d4 60.
Nxd4 Kf6 61. Nc6 1-0

[Event "World Rapid 2018"]
[Site "St Petersburg RUS"]
[Date "2018.12.26"]
[Round "2.21"]
[White "Bosiocic, Marin"]
[Black "Cheparinov, Ivan"]
[Result "0-1"]
[WhiteTitle "GM"]
[BlackTitle "GM"]
[WhiteElo "2599"]
[BlackElo "2709"]
[WhiteFideId "14507927"]
[BlackFideId "2905540"]
[EventDate "2018.12.26"]

1. d4 Nf6 2. c4 e6 3. Nf3 d5 4. Nc3 Bb4 5. Bg5 h6 6. Bxf6 Qxf6 7. Qa4+ Nc6 8. e3
O-O 9. Be2 dxc4 10. O-O Bd7 11. Bxc4 Bxc3 12. bxc3 Rfd8 13. Be2 b6 14. Bb5 e5
15. Qa6 Bc8 16. Qa3 Bb7 17. Rfe1 Qg6 18. Bf1 e4 19. Nd2 Ne5 20. Qe7 Nf3+ 21.
Nxf3 exf3 22. Qxc7 fxg2 23. Be2 Bd5 24. Qg3 Qe6 25. Bd3 Bxa2 26. Qxg2 Rac8 27.
Rac1 Bc4 28. Bb1 a5 29. Kh1 a4 30. Rg1 Qf6 31. f4 a3 32. e4 a2 33. Bc2 Kf8 34.
f5 Ra8 35. Ra1 Ra3 36. Qd2 b5 37. Rg2 b4 38. e5 Qc6 39. Kg1 Bd5 40. Rg3 Rxc3 41.
f6 Rxg3+ 42. hxg3 Qc3 43. Qxc3 bxc3 44. fxg7+ Kxg7 45. Kf2 Rb8 46. Ke3 Be6 47.
g4 Bxg4 48. Rxa2 Rb2 49. Rxb2 cxb2 50. d5 Bh5 51. d6 Kf8 52. e6 fxe6 53. Kd2 Bf3
54. Ke3 Bd5 55. Bb1 Ke8 0-1

[Event "World Rapid 2018"]
[Site "St Petersburg RUS"]
[Date "2018.12.26"]
[Round "2.23"]
[White "Gareyev, Timur"]
[Black "Morozevich, Alexander"]
[Result "0-1"]
[WhiteTitle "GM"]
[BlackTitle "GM"]
[WhiteElo "2569"]
[BlackElo "2656"]
[WhiteFideId "14200937"]
[BlackFideId "4116992"]
[EventDate "2018.12.26"]

1. Nf3 d5 2. c4 d4 3. g3 Nc6 4. Bg2 e5 5. O-O e4 6. Ne1 h5 7. d3 e3 8. fxe3 h4
9. exd4 Nxd4 10. e3 hxg3 11. hxg3 Nf5 12. Rxf5 Bxf5 13. Bxb7 Rb8 14. Qf3 Rxb7
15. Qxf5 Ne7 16. Qf2 Rb6 17. Nc3 Rbh6 18. Qg2 Rh1+ 19. Qxh1 Rxh1+ 20. Kxh1 Nf5
21. Ne4 Nxg3+ 0-1

[Event "World Rapid 2018"]
[Site "St Petersburg RUS"]
[Date "2018.12.26"]
[Round "2.24"]
[White "Matlakov, Maxim"]
[Black "Indjic, Aleksandar"]
[Result "1-0"]
[WhiteTitle "GM"]
[BlackTitle "GM"]
[WhiteElo "2700"]
[BlackElo "2620"]
[WhiteFideId "4168003"]
[BlackFideId "911925"]
[EventDate "2018.12.26"]

1. c4 Nc6 2. Nc3 g6 3. d4 d6 4. Nf3 Bg7 5. g3 Bg4 6. Bg2 Qc8 7. d5 Ne5 8. Nxe5
Bxe5 9. O-O h5 10. h4 Bh3 11. Be3 Bxg2 12. Kxg2 c5 13. Qd3 Bg7 14. Bg5 Nf6 15.
Rab1 O-O 16. Ne4 Re8 17. Nxf6+ exf6 18. Bf4 Qd7 19. b4 cxb4 20. Rxb4 f5 21. a4
b6 22. Rb5 Re4 23. a5 Rd4 24. Qb3 bxa5 25. Rxa5 Rc8 26. Rc1 Qe8 27. Be3 Rg4 28.
f3 f4 29. fxg4 Qe4+ 30. Kh2 fxe3 31. Qd3 Qxd3 32. exd3 Re8 33. Ra2 hxg4 34. Kg2
Bd4 35. Rb1 Kg7 36. Kf1 f5 37. Rb7+ Kf6 38. Ke2 Be5 39. Raxa7 Bxg3 40. Rf7+ Ke5
41. Rae7+ Rxe7 42. Rxe7+ Kd4 43. Rxe3 Bxh4 44. Re6 g5 45. Rxd6 f4 46. Rf6 f3+
47. Kf1 Ke3 48. Re6+ Kf4 49. Re4+ Kf5 50. d6 g3 51. Rxh4 gxh4 52. d7 h3 53. d8=Q
h2 54. Qd5+ 1-0

[Event "World Rapid 2018"]
[Site "St Petersburg RUS"]
[Date "2018.12.26"]
[Round "2.25"]
[White "Yuffa, Daniil"]
[Black "Amonatov, Farrukh"]
[Result "0-1"]
[WhiteTitle "GM"]
[BlackTitle "GM"]
[WhiteElo "2572"]
[BlackElo "2614"]
[WhiteFideId "24131423"]
[BlackFideId "14700077"]
[EventDate "2018.12.26"]

1. d4 Nf6 2. c4 g6 3. Nc3 Bg7 4. e4 d6 5. Nf3 O-O 6. Be2 e5 7. d5 a5 8. Bg5 Na6
9. Nd2 Qe8 10. g4 Nd7 11. Rg1 Ndc5 12. h4 Kh8 13. Nf1 Bd7 14. Ng3 a4 15. h5 h6
16. Be3 g5 17. Kf1 c6 18. Kg2 cxd5 19. Nxd5 Ne6 20. Nf5 Nf4+ 21. Bxf4 exf4 22.
Nxg7 Kxg7 23. Nb6 Rd8 24. Qd4+ Qe5 25. Rgd1 Bc6 26. f3 Nc5 27. Rab1 Nxe4 28.
Qxe5+ dxe5 29. fxe4 Bxe4+ 30. Kf2 Bxb1 31. Rxb1 e4 32. Nxa4 Rd2 33. Nc3 f5 34.
gxf5 e3+ 35. Kf3 Rxf5 36. c5 Rd4 37. b4 Kf6 38. Rd1 Rxd1 39. Bxd1 Ke5 40. a4 Rf8
41. Nb5 g4+ 42. Kxg4 Rg8+ 43. Kf3 Rg1 44. Nc3 Rf1+ 45. Ke2 Rf2+ 46. Ke1 f3 47.
b5 Kf4 48. Nd5+ Ke4 49. c6 bxc6 50. bxc6 Rg2 51. Nc3+ Kd3 52. Kf1 e2+ 0-1

[Event "World Rapid 2018"]
[Site "St Petersburg RUS"]
[Date "2018.12.26"]
[Round "2.26"]
[White "Bocharov, Dmitry"]
[Black "Zvjaginsev, Vadim"]
[Result "1-0"]
[WhiteTitle "GM"]
[BlackTitle "GM"]
[WhiteElo "2533"]
[BlackElo "2642"]
[WhiteFideId "4138716"]
[BlackFideId "4113403"]
[EventDate "2018.12.26"]

1. c4 g6 2. d4 Bg7 3. e4 c5 4. d5 d6 5. Nc3 e6 6. Nf3 exd5 7. cxd5 a6 8. h3 b5
9. Bd3 Nf6 10. O-O O-O 11. Bf4 Re8 12. Re1 Qb6 13. Qd2 Nbd7 14. a3 Bb7 15. b4
Rac8 16. Rac1 Nh5 17. Bh6 Bh8 18. Be3 Qd8 19. Ne2 Nhf6 20. Ng3 c4 21. Bc2 Ne5
22. Nxe5 dxe5 23. a4 c3 24. Qd3 Rc4 25. axb5 axb5 26. Bb3 Rxb4 27. Qxc3 Rxe4 28.
Nxe4 Nxe4 29. Qb4 Nf6 30. Qxb5 Qb8 31. d6 1-0

[Event "World Rapid 2018"]
[Site "St Petersburg RUS"]
[Date "2018.12.26"]
[Round "2.28"]
[White "Levin, Evgeny A."]
[Black "Zubov, Alexander"]
[Result "1/2-1/2"]
[WhiteTitle "GM"]
[BlackTitle "GM"]
[WhiteElo "2516"]
[BlackElo "2597"]
[WhiteFideId "4182596"]
[BlackFideId "14109409"]
[EventDate "2018.12.26"]

1. d4 Nf6 2. c4 e6 3. Nc3 Bb4 4. e3 d5 5. Nf3 O-O 6. Bd3 b6 7. O-O Bb7 8. cxd5
exd5 9. a3 Bd6 10. b4 a6 11. Qb3 Nbd7 12. a4 c6 13. a5 b5 14. e4 dxe4 15. Nxe4
Nxe4 16. Bxe4 h6 17. Re1 Re8 18. Bd2 Qc7 19. Bc2 Nf6 20. h3 1/2-1/2

[Event "World Rapid 2018"]
[Site "St Petersburg RUS"]
[Date "2018.12.26"]
[Round "2.29"]
[White "Fridman, Daniel"]
[Black "Predke, Alexandr"]
[Result "1/2-1/2"]
[WhiteTitle "GM"]
[BlackTitle "GM"]
[WhiteElo "2633"]
[BlackElo "2622"]
[WhiteFideId "11600454"]
[BlackFideId "24107581"]
[EventDate "2018.12.26"]

1. d4 d5 2. Nf3 Nf6 3. c4 dxc4 4. e3 c5 5. Bxc4 cxd4 6. Qxd4 Qxd4 7. Nxd4 a6 8.
O-O Bd7 9. f3 Nc6 10. Nxc6 Bxc6 11. e4 Rc8 12. Nc3 e6 13. Be3 Bxe4 14. Bxe6 fxe6
15. Nxe4 Nxe4 16. fxe4 Bc5 17. Bxc5 Rxc5 18. Rad1 Rf8 19. Rd2 Rxf1+ 20. Kxf1 Rc4
21. Re2 Ke7 22. b3 Rc1+ 23. Kf2 Kd6 24. Rd2+ Ke5 25. Rd7 Rc2+ 26. Kf3 b5 27.
Rxg7 Rxa2 28. Rxh7 Rb2 29. Ra7 Rxb3+ 30. Kg4 Rb2 31. Kf3 Rb3+ 32. Kg4 Rb2 33.
Kf3 Rb3+ 1/2-1/2

[Event "World Rapid 2018"]
[Site "St Petersburg RUS"]
[Date "2018.12.26"]
[Round "2.30"]
[White "Sokolov, Andrei2"]
[Black "Riazantsev, Alexander"]
[Result "1/2-1/2"]
[WhiteTitle "IM"]
[BlackTitle "GM"]
[WhiteElo "2532"]
[BlackElo "2649"]
[WhiteFideId "11600306"]
[BlackFideId "4125029"]
[EventDate "2018.12.26"]

1. Nf3 d5 2. d4 Nf6 3. c4 e6 4. Bg5 h6 5. Bxf6 Qxf6 6. Nc3 c6 7. e3 Nd7 8. Bd3
g6 9. O-O Bg7 10. e4 dxc4 11. Bxc4 O-O 12. Rc1 Rb8 13. Qe2 Qe7 14. Rfd1 b5 15.
Bb3 a6 16. e5 c5 17. d5 c4 18. d6 Qd8 19. Bc2 Bb7 20. Be4 Bxe4 21. Nxe4 Nxe5 22.
Nxe5 Bxe5 23. b3 cxb3 24. axb3 Bg7 25. g3 a5 26. Nc5 a4 27. bxa4 b4 28. Qc4 Bc3
29. Ne4 Bg7 30. Nc5 Bc3 31. Ne4 Bg7 32. Nc5 1/2-1/2

[Event "World Rapid 2018"]
[Site "St Petersburg RUS"]
[Date "2018.12.26"]
[Round "2.31"]
[White "Petrosian, Tigran L."]
[Black "Tukhaev, Adam"]
[Result "1/2-1/2"]
[WhiteTitle "GM"]
[BlackTitle "GM"]
[WhiteElo "2598"]
[BlackElo "2527"]
[WhiteFideId "13301616"]
[BlackFideId "14109476"]
[EventDate "2018.12.26"]

1. Nf3 g6 2. g3 Bg7 3. Bg2 c5 4. c4 Nc6 5. Nc3 e5 6. O-O Nge7 7. Ne1 O-O 8. a3
d6 9. Nc2 Be6 10. Ne3 Qd7 11. Rb1 Bh3 12. b4 Bxg2 13. Kxg2 b6 14. d3 Rac8 15.
Qa4 Qb7 16. Ned5 Nxd5 17. cxd5 Nd4 18. e3 Nf5 19. e4 Nd4 20. bxc5 Rxc5 21. Nb5
Nxb5 22. Rxb5 Rc3 23. Rb3 Rxb3 24. Qxb3 Rc8 25. a4 Bf8 26. Be3 Qc7 27. Rc1 Qd7
28. Qb5 Qxb5 29. axb5 Rxc1 30. Bxc1 f6 31. d4 Kf7 32. Ba3 exd4 33. f4 Be7 34.
Kf3 Ke8 35. Ke2 Kd7 36. Kd3 Bd8 37. Kxd4 Bc7 38. g4 Kc8 39. Kc4 Kb7 40. e5 fxe5
41. fxe5 dxe5 42. d6 Bd8 43. Kd5 a6 44. bxa6+ Kxa6 45. Kxe5 b5 46. Ke6 Ka5 47.
d7 b4 48. Bb2 b3 49. Bf6 Kb5 50. Bxd8 b2 51. Bf6 b1=Q 52. d8=Q Qe4+ 53. Kf7 Qc4+
54. Kg7 Qxg4 55. Qd5+ Ka6 56. Qc6+ Ka7 57. Qc7+ Ka8 58. Be5 Qb4 59. Kxh7 g5 60.
Kg6 Qe4+ 61. Kf6 Qf3+ 62. Ke7 Qb3 63. Qc6+ Ka7 64. Qc5+ Kb7 65. Kd6 Qh3 66. Qc6+
Kb8 67. Kc5+ Ka7 68. Qb6+ Ka8 69. Qa6# 1/2-1/2

[Event "World Rapid 2018"]
[Site "St Petersburg RUS"]
[Date "2018.12.26"]
[Round "2.32"]
[White "Maghsoodloo, Parham"]
[Black "Sargissian, Gabriel"]
[Result "0-1"]
[WhiteTitle "GM"]
[BlackTitle "GM"]
[WhiteElo "2688"]
[BlackElo "2689"]
[WhiteFideId "12539929"]
[BlackFideId "13300881"]
[EventDate "2018.12.26"]

1. Nf3 d5 2. g3 Bg4 3. Bg2 e6 4. O-O Nf6 5. d3 Be7 6. Qe1 O-O 7. h3 Bh5 8. g4
Bg6 9. Nh4 Nfd7 10. Nxg6 hxg6 11. Nd2 c6 12. e3 a5 13. f4 Na6 14. Nf3 Re8 15.
Kh1 Bd6 16. e4 e5 17. f5 gxf5 18. gxf5 Nf6 19. Bg5 Nc5 20. Nh2 Be7 21. Bf3 dxe4
22. dxe4 Qd4 23. c3 Qd3 24. Rd1 Qb5 25. Rg1 Red8 26. Rxd8+ Rxd8 27. Qh4 Nd3 28.
Rg2 Rd6 29. Ng4 Nf4 30. Bxf4 exf4 31. c4 Qc5 32. e5 Nxg4 33. f6 0-1

[Event "World Rapid 2018"]
[Site "St Petersburg RUS"]
[Date "2018.12.26"]
[Round "2.35"]
[White "Timofeev, Artyom"]
[Black "Kazhgaleyev, Murtas"]
[Result "1-0"]
[WhiteTitle "GM"]
[BlackTitle "GM"]
[WhiteElo "2589"]
[BlackElo "2587"]
[WhiteFideId "4140419"]
[BlackFideId "13700316"]
[EventDate "2018.12.26"]

1. e4 d6 2. d4 Nf6 3. Bd3 e5 4. c3 Nc6 5. Nf3 g6 6. O-O Bg7 7. Re1 O-O 8. Nbd2
Nh5 9. Nb3 Bg4 10. Be2 Re8 11. h3 Bc8 12. Bg5 Bf6 13. Be3 exd4 14. Nfxd4 Ng7 15.
Nxc6 bxc6 16. Na5 Bd7 17. Ba6 Rb8 18. Bb7 Rxe4 19. Nxc6 Bxc6 20. Bxc6 Re5 21.
Qd2 a5 22. Ba7 Ne6 23. Bxb8 Qxb8 24. g3 Qb6 25. Bg2 Rb5 26. Re2 h5 27. h4 g5 28.
a4 Rc5 29. Bd5 gxh4 30. Bxe6 fxe6 31. Qe3 hxg3 32. fxg3 Kg7 33. Rf1 Re5 34. Qxb6
cxb6 35. Rxe5 Bxe5 36. Kg2 d5 37. Re1 Kf6 38. Kh3 d4 39. cxd4 Bxd4 40. b3 e5 41.
Kg2 Kg5 42. Rf1 Bc5 43. Rf7 e4 44. Rf4 e3 45. Kf3 Kg6 46. Rc4 Kf5 47. Re4 Kg5
48. Re8 Kf5 49. Re4 Kg5 50. Re5+ Kg6 51. Ke2 Kh6 52. Kd3 Kg6 53. b4 Bxb4 54.
Kxe3 Bc5+ 55. Ke4 Bg1 56. Kf4 Bf2 57. Re6+ Kg7 58. Re2 Bc5 59. Kg5 b5 60. axb5
a4 61. Kxh5 a3 62. Kg5 Kf7 63. Kf5 Bd4 64. Ra2 1-0

[Event "World Rapid 2018"]
[Site "St Petersburg RUS"]
[Date "2018.12.26"]
[Round "2.36"]
[White "Saric, Ivan"]
[Black "Kevlishvili, Robby"]
[Result "0-1"]
[WhiteTitle "GM"]
[BlackTitle "IM"]
[WhiteElo "2695"]
[BlackElo "2451"]
[WhiteFideId "14508150"]
[BlackFideId "1040634"]
[EventDate "2018.12.26"]

1. e4 c5 2. Nf3 d6 3. d4 cxd4 4. Nxd4 Nf6 5. Nc3 a6 6. a3 Nc6 7. Be2 e5 8. Nf3
Be6 9. Ng5 Be7 10. Nxe6 fxe6 11. g4 d5 12. g5 Nxe4 13. Nxe4 dxe4 14. Qxd8+ Rxd8
15. c3 Bc5 16. b4 Bb6 17. Ra2 Ne7 18. c4 Bd4 19. O-O Nf5 20. Kh1 e3 21. fxe3
Nxe3 22. Re1 Nf5 23. c5 Ke7 24. Bf3 Bc3 25. Rf1 Rhf8 26. Rc2 Bd4 27. Bxb7 Ng3+
28. hxg3 Rxf1+ 29. Kg2 Rdf8 30. Kh3 R8f2 31. Bd2 Kd7 32. Be4 Rd1 33. g6 h6 34.
Bc3 Rxc2 35. Bxc2 Rh1+ 36. Kg2 Rg1+ 37. Kh2 Rc1 38. Ba4+ Ke7 39. Bd2 Ra1 40. c6
Bb6 41. Bb3 Rb1 42. b5 Rxb3 0-1

[Event "World Rapid 2018"]
[Site "St Petersburg RUS"]
[Date "2018.12.26"]
[Round "2.37"]
[White "Sharma, Dinesh K."]
[Black "Pantsulaia, Levan"]
[Result "1/2-1/2"]
[WhiteTitle "IM"]
[BlackTitle "GM"]
[WhiteElo "2295"]
[BlackElo "2597"]
[WhiteFideId "5004110"]
[BlackFideId "13602071"]
[EventDate "2018.12.26"]

1. e4 c5 2. Nf3 e6 3. d4 cxd4 4. Nxd4 a6 5. Bd3 Bc5 6. Nb3 Ba7 7. Qg4 Qf6 8. Qg3
Nc6 9. Nc3 Nge7 10. f4 d6 11. e5 Qh6 12. Ne4 Nf5 13. Nxd6+ Nxd6 14. exd6 Qf6 15.
c3 O-O 16. Be3 e5 17. O-O Bxe3+ 18. Qxe3 Qxd6 19. f5 f6 20. Rad1 Qc7 21. Qc5 Bd7
22. Bc4+ Kh8 23. Qd6 Qb6+ 24. Qc5 Qc7 25. Qd6 Qb6+ 1/2-1/2

[Event "World Rapid 2018"]
[Site "St Petersburg RUS"]
[Date "2018.12.26"]
[Round "2.38"]
[White "Tsoi, Dmitry"]
[Black "Alekseev, Evgeny"]
[Result "1/2-1/2"]
[WhiteTitle "FM"]
[BlackTitle "GM"]
[WhiteElo "2424"]
[BlackElo "2639"]
[WhiteFideId "24194697"]
[BlackFideId "4138147"]
[EventDate "2018.12.26"]

1. e4 e5 2. Nf3 Nc6 3. Bb5 a6 4. Ba4 b5 5. Bb3 Na5 6. O-O d6 7. d4 exd4 8. c3 d3
9. Qxd3 Bb7 10. Bc2 Nf6 11. a4 Be7 12. axb5 Bxe4 13. Qe2 Bxc2 14. Qxc2 axb5 15.
Nd4 c5 16. Nf5 O-O 17. Qe2 Re8 18. Qxb5 Bf8 19. Bf4 g6 20. b4 cxb4 21. cxb4 Nc6
22. Rxa8 Qxa8 23. Nxd6 Nd4 24. Qc4 Ne2+ 25. Kh1 Re6 26. Be3 Bxd6 27. Qxe2 Bxb4
28. Nd2 Bc5 29. Re1 Qd5 30. Nf1 Kg7 31. Qd1 Qxd1 1/2-1/2

[Event "World Rapid 2018"]
[Site "St Petersburg RUS"]
[Date "2018.12.26"]
[Round "2.39"]
[White "Yudin, Sergei"]
[Black "Al-Sayed, Mohammed"]
[Result "1-0"]
[WhiteTitle "GM"]
[BlackTitle "GM"]
[WhiteElo "2507"]
[BlackElo "2484"]
[WhiteFideId "4159659"]
[BlackFideId "12100196"]
[EventDate "2018.12.26"]

1. e4 c5 2. Nf3 Nc6 3. c3 Nf6 4. e5 Nd5 5. Bc4 Nb6 6. Bb3 d6 7. exd6 Qxd6 8. O-O
Be6 9. Bxe6 Qxe6 10. a4 Qd7 11. a5 Nd5 12. a6 b6 13. d4 cxd4 14. Nxd4 e6 15. Qa4
Nxd4 16. Qxd4 Bc5 17. Qxg7 O-O-O 18. Qg3 Rhg8 19. Qf3 Qc6 20. Nd2 f5 21. Nb3 Rg4
22. h3 Re4 23. Nxc5 Qxc5 24. Bh6 Rg8 25. Rfe1 Nf6 26. Be3 Qc6 27. Kh1 Rc4 28.
Bd4 Rg6 29. Qxc6+ Rxc6 30. b3 Nd5 31. Be5 Rg8 32. c4 Nb4 33. Re2 Rd8 34. Bc3 Nd3
35. Bf6 Rd7 36. g4 e5 37. g5 e4 38. f3 exf3 39. Re3 f2 40. Kg2 Rcd6 41. Kf1 Kc7
42. Rd1 Kc6 43. h4 b5 44. h5 bxc4 45. bxc4 f4 46. Re7 Rxe7 47. Bxe7 Rd7 48. Bf6
Nc5 49. Rxd7 Kxd7 50. g6 hxg6 51. h6 1-0

[Event "World Rapid 2018"]
[Site "St Petersburg RUS"]
[Date "2018.12.26"]
[Round "2.40"]
[White "Mchedlishvili, Mikheil"]
[Black "Steinberg, Nitzan"]
[Result "0-1"]
[WhiteTitle "GM"]
[BlackTitle "GM"]
[WhiteElo "2610"]
[BlackElo "2532"]
[WhiteFideId "13600966"]
[BlackFideId "2801795"]
[EventDate "2018.12.26"]

1. d4 d5 2. c4 c6 3. Nf3 Nf6 4. g3 dxc4 5. Bg2 g6 6. Ne5 Be6 7. O-O Bg7 8. Na3
Ng4 9. Naxc4 Nxe5 10. Nxe5 Nd7 11. Nf3 Bd5 12. Qc2 Bxf3 13. Bxf3 Bxd4 14. Bh6
Qb6 15. Rad1 Ne5 16. Qe4 O-O-O 17. Kg2 f5 18. Qh4 Rd7 19. b3 Nxf3 20. exf3 Qc5
21. Rc1 Qd5 22. Rfd1 e5 23. Rc4 c5 24. Be3 b6 25. Bxd4 exd4 26. Rc2 Kb7 27. Qf4
Re8 28. Qd2 d3 29. Rc3 Re2 30. Qf4 Qd4 31. Qxd4 Rxd4 32. a4 d2 33. Kf1 Re7 34.
h4 Kc6 35. Rc2 Red7 36. Ke2 Re7+ 37. Kf1 Red7 38. Ke2 a6 39. Rc3 b5 40. axb5+
axb5 41. Re3 c4 42. bxc4 bxc4 43. f4 Kc5 44. h5 gxh5 45. Re5+ Kb4 46. Rb1+ Kc3
47. Kd1 Re4 48. Ra1 Kd3 49. Raa5 c3 0-1

[Event "World Rapid 2018"]
[Site "St Petersburg RUS"]
[Date "2018.12.26"]
[Round "2.41"]
[White "Ovchinnikov, Vsevolod"]
[Black "Alekseenko, Kirill"]
[Result "0-1"]
[WhiteTitle "FM"]
[BlackTitle "GM"]
[WhiteElo "2329"]
[BlackElo "2638"]
[WhiteFideId "24176842"]
[BlackFideId "4135539"]
[EventDate "2018.12.26"]

1. Nf3 c5 2. c4 Nc6 3. g3 g6 4. Bg2 Bg7 5. Nc3 d6 6. d3 Bf5 7. Bd2 Nf6 8. a3 O-O
9. b4 cxb4 10. axb4 Nxb4 11. Nd4 Bg4 12. Qb1 a5 13. Ncb5 d5 14. Bxb4 axb4 15.
Rxa8 Qxa8 16. O-O e5 17. Nf3 e4 18. Nfd4 Qa4 19. dxe4 dxc4 20. e5 Nd7 21. Qe4
Nxe5 22. f4 Nc6 23. Nxc6 bxc6 24. Nd6 c3 25. f5 gxf5 26. Nxf5 Bxf5 27. Qxf5 Qb5
28. Qd7 Qc5+ 29. Kh1 c2 30. Qd2 Bb2 0-1

[Event "World Rapid 2018"]
[Site "St Petersburg RUS"]
[Date "2018.12.26"]
[Round "2.42"]
[White "Yu, Yangyi"]
[Black "Zubritskiy, Artyom"]
[Result "1-0"]
[WhiteTitle "GM"]
[BlackTitle "IM"]
[WhiteElo "2764"]
[BlackElo "2442"]
[WhiteFideId "8603820"]
[BlackFideId "4181247"]
[EventDate "2018.12.26"]

1. Nf3 Nf6 2. c4 g6 3. d4 Bg7 4. Nc3 d5 5. cxd5 Nxd5 6. e4 Nxc3 7. bxc3 O-O 8.
Be2 c5 9. O-O Nc6 10. d5 Na5 11. Bg5 Bxc3 12. Rc1 Bg7 13. Rxc5 b6 14. Rc1 Bg4
15. Qd2 Nb7 16. Nd4 Bxe2 17. Nc6 Bxf1 18. Nxd8 Rfxd8 19. Kxf1 Rd7 20. Rc6 e6 21.
Qc2 Nc5 22. d6 Be5 23. Be7 Rb8 24. g3 Rbb7 25. f4 Bd4 26. Rc8+ Kg7 27. Bf8+ Kf6
28. g4 g5 29. e5+ Bxe5 30. Qxh7 1-0

[Event "World Rapid 2018"]
[Site "St Petersburg RUS"]
[Date "2018.12.26"]
[Round "2.44"]
[White "Tregubov, Pavel V."]
[Black "Le, Quang Liem"]
[Result "1/2-1/2"]
[WhiteTitle "GM"]
[BlackTitle "GM"]
[WhiteElo "2592"]
[BlackElo "2714"]
[WhiteFideId "4115341"]
[BlackFideId "12401137"]
[EventDate "2018.12.26"]

1. d4 Nf6 2. c4 e6 3. Nc3 Bb4 4. e3 O-O 5. Ne2 Re8 6. a3 Bf8 7. d5 d6 8. Ng3 a5
9. Be2 Na6 10. O-O Nc5 11. b3 c6 12. e4 exd5 13. exd5 cxd5 14. cxd5 Bd7 15. Be3
Rc8 16. Bd4 g6 17. Bf3 Bg7 18. b4 Na6 19. Qb3 h5 20. h3 h4 21. Nge2 axb4 22.
axb4 Bf5 23. Rfd1 Qd7 24. Rac1 Bxh3 25. Bxf6 Bxf6 26. gxh3 Qxh3 27. Bg2 Qf5 28.
Ne4 Rxc1 29. Nxf6+ Qxf6 30. Nxc1 Re5 31. Qc3 Qg5 32. Nd3 Re8 33. Re1 Rxe1+ 34.
Nxe1 Qg4 35. Nc2 h3 36. Ne3 Qxb4 37. Qxb4 Nxb4 38. Bxh3 f5 39. Bg2 b5 40. Bf1 f4
41. Ng4 Nxd5 42. Bxb5 Kg7 43. Kg2 g5 44. Kf3 Nc3 45. Bd7 Kg6 46. Bc8 Kh5 47.
Nf6+ Kh4 48. Ne4 g4+ 49. Bxg4 Nxe4 50. Bf5 1/2-1/2

[Event "World Rapid 2018"]
[Site "St Petersburg RUS"]
[Date "2018.12.26"]
[Round "2.45"]
[White "Mamedov, Rauf"]
[Black "Shinkevich, Vitaly"]
[Result "1-0"]
[WhiteTitle "GM"]
[BlackTitle "IM"]
[WhiteElo "2703"]
[BlackElo "2439"]
[WhiteFideId "13401653"]
[BlackFideId "4122690"]
[EventDate "2018.12.26"]

1. e4 e5 2. Nf3 Nc6 3. Bc4 Bc5 4. c3 Nf6 5. d3 a6 6. a4 O-O 7. O-O d6 8. Bg5 h6
9. Bh4 g5 10. Nxg5 hxg5 11. Bxg5 Kg7 12. Qf3 Rh8 13. Nd2 Kg6 14. h4 Bg4 15. Qg3
Qd7 16. d4 Nh5 17. Qd3 exd4 18. cxd4 Bxd4 19. Bd5 Ba7 20. Be3 Ne5 21. Qc3 c6 22.
Ba2 Bxe3 23. Qxe3 Qe7 24. f4 Nd7 25. Qf2 Kh6 26. Nc4 Rag8 27. e5 Bh3 28. Nxd6
Rh7 29. Kh2 Be6 30. f5 Bxa2 31. Qe3+ Kg7 32. f6+ Ndxf6 33. exf6+ Nxf6 34. Qxe7 1-0